Photosynthetic responses at low temperature in young plants of Hevea brasiliensis: Role of partial shade to reduce photoinhibitory effects (Record no. 50407)

MARC details
000 -LEADER
fixed length control field 00603nam a2200193Ia 4500
100 ## - MAIN ENTRY--AUTHOR NAME
Personal name Alam B.
245 #0 - TITLE STATEMENT
Title Photosynthetic responses at low temperature in young plants of Hevea brasiliensis: Role of partial shade to reduce photoinhibitory effects
260 ## - PUBLICATION, DISTRIBUTION, ETC. (IMPRINT)
Name of publisher Indian Journal of Natural Rubber Research
Year of publication 2002
300 ## - PHYSICAL DESCRIPTION
Number of Pages 49-54
650 ## - SUBJECT ADDED ENTRY--TOPICAL TERM
Topical Term Cold stress
650 ## - SUBJECT ADDED ENTRY--TOPICAL TERM
Topical Term Low temperature stress
650 ## - SUBJECT ADDED ENTRY--TOPICAL TERM
Topical Term Photoinhibition
650 ## - SUBJECT ADDED ENTRY--TOPICAL TERM
Topical Term Photosynthesis
700 ## - ADDED ENTRY--PERSONAL NAME
Personal name Choudhury M.
700 ## - ADDED ENTRY--PERSONAL NAME
Personal name Dey S.K.
700 ## - ADDED ENTRY--PERSONAL NAME
Personal name Sarma A.C.
942 ## - ADDED ENTRY ELEMENTS (KOHA)
Koha item type Bibliography STAF
Holdings
Withdrawn status Lost status Damaged status Not for loan Home library Current library Shelving location Date acquired Serial Enumeration / chronology Koha item type
      Bibliography RRII Library RRII Library Physiology 09/04/2014 Volume 15, Issue 1 Bibliography STAF